| 000 | 01374nam0a2200325 4500 | ||
|---|---|---|---|
| 001 | RU\NLR\bibl\893009 | ||
| 005 | 20260406071918.0 | ||
| 010 |
_a5-09-014121-5 _920000 |
||
| 021 |
_aRU _b2005-77004 _93794 |
||
| 035 | _a(NLR Aleph) 000881495 | ||
| 090 |
_a1661794 _c1661794 |
||
| 100 | _a20040720d2005 |||y0rusy50 ca | ||
| 101 | 0 | _arus | |
| 102 | _aRU | ||
| 105 | _aag ||||||||| | ||
| 200 | 1 |
_aМузыка _eрабочая тетрадь для учащихся 4 класса начальной школы _fЕ.Д. Критская, Г.П. Сергеева, Т.С. Шмагина |
|
| 205 | _a4-е изд. | ||
| 210 |
_aМосква _cПросвещение _d2005 |
||
| 215 |
_a32 с. _cил., нот. _d28 |
||
| 225 | 1 | _aШкола России | |
| 606 | 0 |
_aМузыка _jРабочие тетради для начальной школы _9888123 _3RU\NLR\auth\66429 |
|
| 686 | _aЩ31я72 | ||
| 700 | 1 |
_4070 _7ca _8rus _aКритская _bЕ. Д. _gЕлена Дмитриевна _912179 _3RU\NLR\auth\7729150 |
|
| 701 | 1 |
_4070 _7ca _8rus _aСергеева _bГ. П. _cканд. пед. наук, музыка _gГалина Петровна _912173 _3RU\NLR\auth\7729144 |
|
| 701 | 1 |
_aШмагина _bТ. С. _gТатьяна Сергеевна _4070 |
|
| 801 | 0 |
_aRU _bNLR _c20040720 _gPSBO |
|
| 801 | 1 |
_aRU _bNLR _c20040720 |
|
| 942 | _cBOOK | ||
| 980 | _aNB | ||